Contratos civiles: teoría y práctica
Gorde:
| Egile nagusia: | |
|---|---|
| Formatua: | Liburua |
| Hizkuntza: | gaztelania |
| Argitaratua: |
Buenos Aires
Compañía Argentina de Editores
1939
|
| Gaiak: | |
| Etiketak: |
Etiketa erantsi
Etiketarik gabe, Izan zaitez lehena erregistro honi etiketa jartzen!
|
MARC
| LEADER | 00000nam a2200000 a 4500 | ||
|---|---|---|---|
| 001 | UCS1128 | ||
| 003 | CL-VaPUC | ||
| 008 | 970509e19390000AG |||||||||||||||||spa|d | ||
| 082 | 0 | 4 | |a 346.022 |b ARI |2 21 |
| 100 | 0 | |a Arias Viterbo, José |e author |9 385250 | |
| 245 | 1 | 0 | |a Contratos civiles: teoría y práctica |
| 300 | |a 2 v | ||
| 942 | |c BK | ||
| 945 | |d 19970509 00:00:00 |a cmena | ||
| 260 | |a Buenos Aires |b Compañía Argentina de Editores |c 1939 | ||
| 650 | 0 | |a Contratos |9 255153 | |
| 650 | 0 | |a Obligaciones |9 255578 | |
| 650 | 0 | |a Derecho civil |9 255013 | |
| 650 | 0 | |a Derecho privado |9 258243 | |
| 650 | 0 | |a Contratos |9 255153 | |
| 650 | 7 | |a RESPONSABILIDAD CIVIL |2 CL-VaPUC |9 385251 | |
| 650 | 0 | |a Jurisprudencia |9 255952 | |
| 650 | 0 | |a Código civil |9 256135 | |
| 651 | 0 | |a Argentina |9 254888 | |
| 583 | |a last modification |c 19970509 00:00:00 |k Rodrigo Vera | ||
| 999 | |c 259231 |d 259229 | ||
| 952 | |0 0 |1 0 |4 0 |6 346_022000000000000_ARI_1939 |7 0 |8 P |9 283868 |a BIBDER |b BIBDER |d 2019-11-19 |h v.1 |i 1844385 |o 346.022 ARI 1939 |p 1844385 |r 2023-01-25 |w 2019-11-19 |y BK |k DER | ||
| 952 | |0 0 |1 0 |4 0 |6 346_022000000000000_ARI_1939 |7 0 |8 P |9 283869 |a BIBDER |b BIBDER |d 2019-11-19 |h v.2 |i 1844393 |o 346.022 ARI 1939 |p 1844393 |r 2023-01-25 |w 2019-11-19 |y BK |k DER | ||